000 00952nam a2200205 a 4500
001 001061312
003 AM-YeHGA
005 20250617162128.0
008 150224s1894 ru r 000 0 rus d
040 _aAM-YeHGA
041 0 _arus
245 0 0 _aДревнехристианские храмы и Св. Александро-Афонский Зеленчукский монастырь в Зеленчукском ущелии Кавказского хребта, Кубанской области, Баталпашинского уезда :
_b(С рис. древних храмов).
260 _aМосква :
_bИзд. Св. Александро-Афонской Зеленчукской пустыни,
_c1894.
300 _a40 с. :
_b[1] л. карт., ил. ;
_c24 см.
650 1 4 _aРелигия
650 1 4 _aХрамы
650 1 4 _aМонастыри
650 1 4 _aИстория русской Церкви
090 _c487009
999 _c483653
_d483653